Statistics for Top 100 Biggest Cities in Louisiana

Click here to take the quiz!

General Stats

  • This quiz has been taken 940 times
    (767 since last reset)
  • The average score is 32 of 100

Answer Stats

#CityPopulation% Correct
1New Orleans390,144
98%
2Baton Rouge220,236
97%
3Shreveport187,112
90%
4Lafayette126,185
87%
5Lake Charles78,396
77%
8Monroe47,294
77%
9Alexandria46,180
75%
10Houma32,696
65%
7Kenner66,340
62%
13Slidell27,633
62%
6Bossier City68,159
61%
19Natchitoches17,485
54%
14Ruston21,854
53%
15Hammond21,437
52%
12New Iberia28,454
52%
20Opelousas15,911
47%
35Covington10,564
44%
18Gretna17,647
43%
32Gonzales10,957
42%
33Morgan City10,742
41%
17Zachary17,949
41%
16Sulphur20,065
40%
27Mandeville12,475
39%
22Thibodaux14,425
38%
34DeRidder10,588
35%
38Jennings9,800
35%
29Abbeville12,038
34%
11Central29,357
34%
39Denham Springs9,753
34%
51Franklin6,709
34%
30Minden11,840
33%
31Bogalusa11,504
32%
28West Monroe12,227
32%
43Donaldsonville8,441
31%
58Leesville5,598
31%
45Breaux Bridge8,148
30%
26Crowley12,588
30%
37Eunice9,814
30%
23Pineville14,122
30%
52Tallulah6,666
30%
59Marksville5,338
29%
53Plaquemine6,539
29%
73Winnfield4,260
29%
36Bastrop10,023
28%
25Broussard12,700
28%
84Jena3,397
28%
24Baker13,194
27%
49Ponchatoula7,369
27%
40Carencro9,449
26%
89Ferriday3,204
26%
78Jackson3,728
26%
64Port Allen4,743
26%
44Westwego8,326
26%
21Youngsville14,704
26%
61Grambling5,150
25%
91Iowa3,164
24%
65Mansfield4,624
24%
54Walker6,248
24%
75Bunkie3,858
23%
67New Roads4,480
23%
66Winnsboro4,550
23%
77Franklinton3,745
22%
41Harahan9,250
22%
98Homer2,834
22%
68Jonesboro4,473
22%
47Oakdale7,561
22%
46Rayne7,992
22%
50Ville Platte7,033
22%
87Vinton3,234
22%
86Gramercy3,281
21%
60Jeanerette5,218
21%
81Rayville2,474
21%
42Scott8,675
20%
56St. Martinville5,820
20%
88Welsh3,227
20%
99Delhi2,795
19%
95DeQuincy3,086
19%
85Haughton3,296
19%
76Vidalia3,815
19%
93Greenwood3,128
18%
80Vivian3,482
18%
62Westlake4,951
18%
69Amite City4,436
17%
48St. Gabriel7,460
17%
74Ball3,935
16%
72Church Point4,361
16%
79Farmerville3,717
16%
82Lake Providence3,429
16%
90Lutcher3,183
16%
97Sunset2,861
16%
94Mamou3,118
15%
55Addis6,221
14%
100Lake Arthur2,748
14%
70Kaplan4,422
13%
57Patterson5,792
13%
92Blanchard3,140
12%
63Springhill4,772
12%
71Berwick4,419
11%
96Sterlington2,931
11%
83Richwood3,399
9%

Score Distribution

Percentile by Number Answered

Percent of People with Each Score

Your Score History

You have not taken this quiz since the last reset